A Note on the gent model for rubber-like materials (Record no. 53467)

MARC details
000 -LEADER
fixed length control field 00390nam a2200145Ia 4500
100 ## - MAIN ENTRY--AUTHOR NAME
Personal name Pucci E
245 #2 - TITLE STATEMENT
Title A Note on the gent model for rubber-like materials
260 ## - PUBLICATION, DISTRIBUTION, ETC. (IMPRINT)
Name of publisher Rubber Chemistry and Technology
Year of publication 2002
300 ## - PHYSICAL DESCRIPTION
Number of Pages 839-851
650 ## - SUBJECT ADDED ENTRY--TOPICAL TERM
Topical Term Gent model
650 ## - SUBJECT ADDED ENTRY--TOPICAL TERM
Topical Term Rubber-like materials
700 ## - ADDED ENTRY--PERSONAL NAME
Personal name Saccomandi G
942 ## - ADDED ENTRY ELEMENTS (KOHA)
Koha item type Journals
Holdings
Withdrawn status Lost status Damaged status Not for loan Home library Current library Shelving location Date acquired Serial Enumeration / chronology Koha item type
      Journals RRII Library RRII Library Rubber chemistry 20/03/2003 Volume 75, Issue 5 Journals